Od pravouhlých súradníc k vektorom /
Gespeichert in:
| Hauptverfasser: | , |
|---|---|
| Format: | Buch |
| Sprache: | Slowakisch |
| Veröffentlicht: |
Bratislava :
Slovenské pedagogické nakladateľstvo,
1980
|
| Ausgabe: | 3.vyd. |
| Tags: |
Keine Tags, Fügen Sie das erste Tag hinzu!
|
MARC
| LEADER | 00000nam a22000003a 4500 | ||
|---|---|---|---|
| 001 | stu6705 | ||
| 005 | 20150617225808.7 | ||
| 008 | 940822s1980----cs------------------slo-d | ||
| 040 | |a STU |b slo | ||
| 041 | 0 | |a slo | |
| 044 | |a cs | ||
| 080 | |a 516.8 | ||
| 100 | 1 | |a Gatial, Ján |4 aut | |
| 245 | 1 | |a Od pravouhlých súradníc k vektorom / |c [aut.] Gatial,Ján; Hejný,Milan | |
| 250 | |a 3.vyd. | ||
| 260 | |a Bratislava : |b Slovenské pedagogické nakladateľstvo, |c 1980 | ||
| 300 | |a 215 s | ||
| 700 | 1 | |a Hejný, Milan |4 aut | |
| 996 | |b 284EK01590 |c E*45837 |l EE01 |s A |a 24 |w stu6705_0001 | ||
| 996 | |b 284EK02632 |c E*45839 |l EE01 |s A |a 24 |w stu6705_0003 | ||